000 00873nam a2200229Ia 4500
003 GCL
008 140319s9999 xx 000 0 ara d
040 _aGCL /
_cGCL
082 0 4 _a330.962
_bح ت
100 1 _aحسن محمود ابراهيم
245 1 0 _aالتغيرات الهيكلية للاقتصاد المصرى واثرها على التكوين الراسمالى(1960 -1970) /
_cحسن محمود ابراهيم
260 _aالقاهرة :
_bمعهد البحوث والدراسات العربية ،
_c1975
300 _a[47] ورقة ؛
_c25?35 سم
490 _a
650 0 4 _aراس المال
650 0 4 _aالاقتصاد المصرى
650 0 4 _aالجداول الاحصائية
650 0 4 _aالاحصائيات
650 0 4 _aالاقتصاد - مصر
650 0 4 _aمصر - الاحوال الاقتصادية
942 _2ddc
_cBK
999 _c30708
_d30708